000 00319nam a22001097a 4500
008 170110b xxu||||| |||| 00| 0 eng d
020 _a9780803606050
041 _aeng
080 _a618.2
245 _aINSTRUCTOR'S MANUAL FOR NURSING THEORIES AND NURSING PRACTICE
_cGORDON, SH.C & PARKER, CH & JESTER, R
942 _2udc
_cBK
999 _c2611
_d2611